000 00699cam a2200253 4500
999 _c4111
_d4111
001 292690
003 GBCCL
005 20241126110511.0
008 700824s1970 tnu b 000 0 eng
010 _a 70113218
040 _aDLC
_cDLC
_dDLC
050 0 0 _aBV4905.2
_b.S6
082 0 0 _a248.86
_bSMI
100 1 _aSmith, Helen (Reagan)
_97864
245 1 0 _aJesus stood by us.
260 _aNashville, Tenn.,
_bBroadman Press
_c[1970]
300 _a143 p.
_c21 cm.
350 _a3.75
504 _aBibliography: p. 143.
650 0 _aSuffering
_xReligious aspects
_xChristianity.
_9472
650 0 _aConsolation.
_9348
906 _a7
_bcbc
_corignew
_d2
_encip
_f19
_gy-gencatlg
942 _2ddc
_cBK
_02